[Event "Himmerlandsturneringen 2025 Basis2"]
[Site "Stovring"]
[Date "2025.04.28"]
[Round "1"]
[White "Dalsgaard, Henrik"]
[Black "Van de Weerd, Jens Ole"]
[Result "0-1"]
[WhiteElo "1524"]
[BlackElo "1572"]
[WhiteFideId "1479881"]
[BlackFideId "1453521"]
[EventDate "2025.04.28"]
[EventType "tourn"]
[EventRounds "7"]
[EventCountry "DEN"]
[SourceTitle "Skorping Skakklub"]

1. d4 Nf6 2. Nf3 e6 3. a3 c5 4. e3 cxd4 5. Nxd4 Nc6 6. Nf3 d5 7. Bb5 Bd6 8. Bd2 O-O 9. O-O Qc7 10. g3 e5 11. Re1 Bg4 12. Be2 e4 13. Nd4 Ne5 14. Bxg4 Nfxg4 15. h3 Nf6 16. Nb5 Qd7 17. Kg2 Qxb5 18. Nc3 Qd7 19. Ne2 Rac8 20. Bc3 Qf5 21. Nf4 Nf3 22. Rh1 Qg5 23. Bxf6 Qxf6 24. Qxd5 Rfe8 25. c4 b6 26. Rad1 Bb8 27. h4 Rc5 28. Qd7 Kf8 29. Qg4 Ne5 30. Qe2 Nf3 31. b4 Rcc8 32. Qc2 Be5 33. Qxe4 Bxf4 34. Qxf3 Be5 35. Qg4 Bb2 36. Rd3 Qc6+ 37. Kh2 Re4 38. Qe2 Be5 39. Kg1 Rxc4 40. Qf1 Rc2 41. Rh2 Qf3 42. e4 Qxe4 43. Re3 Qd5 44. Re1 Qf3 45. Rg2 Bd4 46. a4 Bb2 47. Kh2 R8c4 48. Rg1 Rxb4 49. Rd1 Be5 50. Qe1 Rxh4# 0-1

[Event "Himmerlandsturneringen 2025 Basis2"]
[Site "Stovring"]
[Date "2025.04.28"]
[Round "1"]
[White "Mayntz, David"]
[Black "Madsen, Jorgen"]
[Result "1-0"]
[WhiteElo "1459"]
[BlackElo "1640"]
[WhiteFideId ""]
[BlackFideId "1453033"]
[EventDate "2025.04.28"]
[EventType "tourn"]
[EventRounds "7"]
[EventCountry "DEN"]
[SourceTitle "Skorping Skakklub"]

1. e4 e5 2. d4 exd4 3. c3 dxc3 4. Bc4 Qe7 5. Nxc3 c6 6. Bf4 d6 7. Nge2 Be6 8. Bb3 Bxb3 9. Qxb3 Na6 10. O-O-O Rd8 11. Rhe1 Qf6 12. Qxb7 Nc5 13. Qxc6+ Rd7 14. Nd5 Qd8 15. Nec3 Be7 16. Nxe7 Nxe7 17. Qb5 O-O 18. Bxd6 Rxd6 19. Qxc5 Rxd1+ 20. Rxd1 Qe8 21. Qxa7 Ng6 22. Rd3 Qe5 23. g3 Qh5 24. h4 Qe5 25. Rd5 Qe6 26. Qd4 h6 27. h5 Ne7 28. Rd6 Qc8 29. e5 Nf5 30. Qb6 Nxd6 31. exd6 Rd8 32. Kb1 f5 33. Nb5 Re8 34. a4 Kh7 35. a5 Re1+ 36. Ka2 Qe6+ 37. Ka3 Ra1+ 38. Kb4 Qe4+ 39. Qd4 Qe1+ 40. Qc3 Qe4+ 41. Qd4 Qa8 42. Na3 Qb7+ 43. Qb6 Qe4+ 44. Kb5 Qe8+ 45. Qc6 Qe5+ 46. Qc5 Qxb2+ 47. Qb4 Qe2+ 48. Nc4 Qe8+ 49. Kb6 Qd8+ 50. Kb7 Qd7+ 51. Ka6 Ra4 52. Nb6 Rxb4 53. Nxd7 Rc4 54. Nb6 Rd4 55. d7 g6 56. Kb7 1-0

[Event "Himmerlandsturneringen 2025 Basis2"]
[Site "Stovring"]
[Date "2025.04.28"]
[Round "1"]
[White "Sorensen, Peter"]
[Black "Larsen, Leif"]
[Result "0-1"]
[WhiteElo "1432"]
[BlackElo "1488"]
[WhiteFideId "1470914"]
[BlackFideId "1453645"]
[EventDate "2025.04.28"]
[EventType "tourn"]
[EventRounds "7"]
[EventCountry "DEN"]
[SourceTitle "Skorping Skakklub"]

1. d4 d5 2. e3 Nf6 3. Bd3 Nc6 4. Nd2 e5 5. dxe5 Nxe5 6. Be2 Bc5 7. Nb3 Qd6 8. f4 Nc4 9. Nd4 Bxd4 10. Qxd4 c5 11. Qd3 Ne4 12. b3 Nb6 13. Bf3 Qf6 14. Rb1 Bf5 15. Bb2 Qg6 16. g4 Be6 17. f5 Bxf5 18. gxf5 Qxf5 19. Qb5+ Qd7 20. Qd3 O-O 21. Nh3 Qxh3 22. Bxe4 Qh4+ 23. Kd2 Qxe4 24. Qc3 f6 25. Qxc5 Rac8 26. Qb4 Rfd8 27. c3 Rc7 28. Rbc1 Nd7 29. Rhf1 b6 30. Rf4 Qg2+ 31. Kd3 Nc5+ 32. Kd4 Qd2# 0-1

[Event "Himmerlandsturneringen 2025 Basis2"]
[Site "Stovring"]
[Date "2025.04.30"]
[Round "2"]
[White "Van de Weerd, Jens Ole"]
[Black "Mayntz, David"]
[Result "1-0"]
[WhiteElo "1572"]
[BlackElo "1459"]
[WhiteFideId "1453521"]
[BlackFideId ""]
[EventDate "2025.04.28"]
[EventType "tourn"]
[EventRounds "7"]
[EventCountry "DEN"]
[SourceTitle "Skorping Skakklub"]

1. e4 c6 2. d4 d5 3. e5 c5 4. c3 a6 5. Nf3 Bg4 6. Be2 e6 7. O-O Ne7 8. Bg5 c4 9. b3 b5 10. bxc4 bxc4 11. h3 Bf5 12. Nbd2 Qa5 13. Qc1 Ng6 14. a3 Be7 15. Bxe7 Nxe7 16. Nh4 O-O 17. Nxf5 Nxf5 18. Nf3 Nd7 19. Qd2 Qd8 20. Bd1 f6 21. exf6 Nxf6 22. Bc2 Ne4 23. Bxe4 dxe4 24. Ng5 Rf6 25. Nxe4 Rg6 26. Qf4 Qd5 27. Kh2 Rf8 28. f3 Nxd4 29. Qe3 Nc2 30. Qb6 Nxa1 31. Rxa1 Qe5+ 32. Kh1 Qb5 33. Qf2 Qc6 34. Qe3 Kh8 35. Nf2 Qd5 36. Ng4 Rg5 37. Re1 h5 38. Nf2 e5 39. Qxg5 1-0

[Event "Himmerlandsturneringen 2025 Basis2"]
[Site "Stovring"]
[Date "2025.04.30"]
[Round "2"]
[White "Madsen, Jorgen"]
[Black "Sorensen, Peter"]
[Result "1-0"]
[WhiteElo "1640"]
[BlackElo "1432"]
[WhiteFideId "1453033"]
[BlackFideId "1470914"]
[EventDate "2025.04.28"]
[EventType "tourn"]
[EventRounds "7"]
[EventCountry "DEN"]
[SourceTitle "Skorping Skakklub"]

1. e4 e5 2. Bc4 Nf6 3. d3 Bc5 4. Nf3 Nc6 5. O-O O-O 6. Be3 Bxe3 7. fxe3 Ng4 8. Qe2 d6 9. a3 a6 10. Nc3 Bd7 11. h3 Nf6 12. Nh2 g6 13. Rf3 Qe7 14. Raf1 Nh5 15. Qf2 Be6 16. Nd5 Qd7 17. Ng4 Kg7 18. Ngf6 Nxf6 19. Nxf6 Qe7 20. Qh4 g5 21. Qxh7# 1-0

[Event "Himmerlandsturneringen 2025 Basis2"]
[Site "Stovring"]
[Date "2025.04.30"]
[Round "2"]
[White "Jacobsen, Per"]
[Black "Larsen, Leif"]
[Result "1-0"]
[WhiteElo "1523"]
[BlackElo "1488"]
[WhiteFideId "1413856"]
[BlackFideId "1453645"]
[EventDate "2025.04.28"]
[EventType "tourn"]
[EventRounds "7"]
[EventCountry "DEN"]
[SourceTitle "Skorping Skakklub"]

1. d4 d5 2. e3 g6 3. Bd3 Nf6 4. f4 Nc6 5. c3 Bg4 6. Nf3 e6 7. Nbd2 Bd6 8. O-O O-O 9. Qc2 b6 10. Ne5 Bxe5 11. fxe5 Ne4 12. Nxe4 dxe4 13. Bxe4 Bf5 14. Bxf5 exf5 15. e4 Nxd4 16. cxd4 Qxd4+ 17. Kh1 fxe4 18. Bf4 c6 19. Qc3 Qd3 20. Rac1 Rad8 21. Bh6 Qxc3 22. Rxc3 Rfe8 23. Bf4 Rd4 24. Rcc1 Red8 25. h3 Rb4 26. Be3 Rd3 27. Rcd1 Rd5 28. Bh6 Rbd4 29. Rxd4 Rxd4 30. e6 f6 31. Rxf6 Rd8 32. e7 Re8 33. Rf8+ Rxf8 34. exf8=Q# 1-0

[Event "Himmerlandsturneringen 2025 Basis2"]
[Site "Stovring"]
[Date "2025.05.05"]
[Round "3"]
[White "Dalsgaard, Henrik"]
[Black "Jacobsen, Per"]
[Result "0-1"]
[WhiteElo "1524"]
[BlackElo "1523"]
[WhiteFideId "1479881"]
[BlackFideId "1413856"]
[EventDate "2025.04.28"]
[EventType "tourn"]
[EventRounds "7"]
[EventCountry "DEN"]
[SourceTitle "Skorping Skakklub"]

1. d4 d5 2. h3 e6 3. a3 Bd6 4. Nf3 Nf6 5. e3 O-O 6. Bd3 c6 7. Nc3 Nbd7 8. Bd2 e5 9. Ne2 e4 10. Ng3 exd3 11. cxd3 Re8 12. Qc2 Nb6 13. O-O Bxg3 14. fxg3 Qc7 15. Ne5 Nfd7 16. Nf3 Qxg3 17. Be1 Qc7 18. Qf2 Nf6 19. Bc3 Bf5 20. Rae1 Bxd3 21. Ne5 Bxf1 22. Rxf1 Nbd7 23. Ng4 Re6 24. e4 dxe4 25. d5 cxd5 26. Qd4 Qc5 27. Nxf6+ Rxf6 28. Qxc5 Nxc5 29. Bxf6 gxf6 30. Rxf6 Kg7 31. Rd6 Re8 32. Rxd5 Nd3 33. Rd7 Nxb2 34. Rxb7 Nd3 35. Rxa7 e3 0-1

[Event "Himmerlandsturneringen 2025 Basis2"]
[Site "Stovring"]
[Date "2025.05.05"]
[Round "3"]
[White "Sorensen, Peter"]
[Black "Van de Weerd, Jens Ole"]
[Result "0-1"]
[WhiteElo "1432"]
[BlackElo "1572"]
[WhiteFideId "1470914"]
[BlackFideId "1453521"]
[EventDate "2025.04.28"]
[EventType "tourn"]
[EventRounds "7"]
[EventCountry "DEN"]
[SourceTitle "Skorping Skakklub"]

1. d4 Nf6 2. e3 g6 3. Bd3 Bg7 4. f4 O-O 5. Nf3 d6 6. Nc3 Bg4 7. h3 Bd7 8. O-O Nc6 9. a3 e6 10. Bd2 Ne7 11. Be1 Ned5 12. Qd2 Rc8 13. Bh4 Qe8 14. e4 Ne7 15. Qe3 c5 16. e5 dxe5 17. dxc5 Nfd5 18. Nxd5 Nxd5 19. Qf2 Nxf4 20. Be4 Bc6 21. Rae1 f5 22. Bxc6 Qxc6 23. Nxe5 Qxc5 24. Qxc5 Rxc5 25. Nd7 Rxc2 26. Nxf8 Nd3 27. Rxe6 Bxf8 28. Rd1 Bc5+ 29. Kh2 Nf4 30. Re8+ Kf7 31. Rc8 Rxg2+ 32. Kh1 Bb6 33. Bg5 Rxg5 34. Rd7+ Ke6 35. Rxh7 Rg1+ 36. Kh2 Rg2+ 37. Kh1 Rxb2 38. Re8+ Kf6 39. Rf8+ Kg5 40. h4+ Kg4 41. Re8 Nh5 42. Re1 Ng3# 0-1

[Event "Himmerlandsturneringen 2025 Basis2"]
[Site "Stovring"]
[Date "2025.05.05"]
[Round "3"]
[White "Larsen, Leif"]
[Black "Madsen, Jorgen"]
[Result "0-1"]
[WhiteElo "1488"]
[BlackElo "1640"]
[WhiteFideId "1453645"]
[BlackFideId "1453033"]
[EventDate "2025.04.28"]
[EventType "tourn"]
[EventRounds "7"]
[EventCountry "DEN"]
[SourceTitle "Skorping Skakklub"]

1. d4 d5 2. Nc3 e6 3. a3 Bd6 4. Nf3 h6 5. e4 dxe4 6. Nxe4 Nf6 7. Bd3 O-O 8. O-O Bd7 9. h3 Bc6 10. c4 Bxe4 11. c5 Be7 12. Bxe4 Nxe4 13. Qd3 Nf6 14. Bf4 Nd5 15. Bg3 Nc6 16. Qb3 Rb8 17. Rac1 f5 18. Be5 Bf6 19. Bxf6 Rxf6 20. Rfe1 a6 21. Qa4 Qd7 22. g3 Rbf8 23. Nh4 Qf7 24. Qd1 Nde7 25. Kg2 Ng6 26. Nf3 Nge7 27. Ne5 Nxe5 28. Rxe5 Nd5 29. Qf3 c6 30. Rce1 h5 31. h4 Rh6 32. Kh2 f4 33. Rg1 fxg3+ 0-1

[Event "Himmerlandsturneringen 2025 Basis2"]
[Site "Stovring"]
[Date "2025.05.12"]
[Round "4"]
[White "Van de Weerd, Jens Ole"]
[Black "Larsen, Leif"]
[Result "1-0"]
[WhiteElo "1572"]
[BlackElo "1488"]
[WhiteFideId "1453521"]
[BlackFideId "1453645"]
[EventDate "2025.04.28"]
[EventType "tourn"]
[EventRounds "7"]
[EventCountry "DEN"]
[SourceTitle "Skorping Skakklub"]

1. e4 e5 2. Nf3 Nc6 3. Bc4 h6 4. O-O Nf6 5. Re1 Bc5 6. c3 O-O 7. d4 exd4 8. cxd4 Bb4 9. Nc3 d5 10. exd5 Nxd5 11. Qc2 Be6 12. Bd2 Na5 13. Bd3 f5 14. Rxe6 Ne7 15. a3 Bxc3 16. Bxc3 Qd5 17. Re5 Qb3 18. Qd2 Nac6 19. Re2 Kh8 20. Rae1 Rae8 21. Nh4 Qf7 22. Qc2 Ng6 23. Nxg6+ Qxg6 24. d5 Rxe2 25. Rxe2 Qh5 26. dxc6 bxc6 27. Re7 Qg6 28. Qb3 Qg5 29. h3 Qxe7 30. Bb4 c5 31. Bc3 Qd6 32. Bc4 c6 33. Qb7 Qg6 34. Qxa7 Rf6 35. Qb8+ Kh7 36. Qg8# 1-0

[Event "Himmerlandsturneringen 2025 Basis2"]
[Site "Stovring"]
[Date "2025.05.12"]
[Round "4"]
[White "Jacobsen, Per"]
[Black "Madsen, Jorgen"]
[Result "1/2-1/2"]
[WhiteElo "1523"]
[BlackElo "1640"]
[WhiteFideId "1413856"]
[BlackFideId "1453033"]
[EventDate "2025.04.28"]
[EventType "tourn"]
[EventRounds "7"]
[EventCountry "DEN"]
[SourceTitle "Skorping Skakklub"]

1. d4 d5 2. e3 e6 3. Bd3 Nf6 4. f4 b6 5. Nf3 Nc6 6. c3 Bb7 7. O-O Bd6 8. Ne5 O-O 9. Qa4 Bxe5 10. fxe5 Ne4 11. Nd2 Nxd2 12. Bxd2 Ne7 13. Rf3 f5 14. exf6 Rxf6 15. Rxf6 gxf6 16. Qc2 f5 17. Rf1 Bc8 18. Rf3 Qe8 19. Rg3+ Kh8 20. c4 c6 21. cxd5 cxd5 22. Qc7 Ng6 23. h4 Qd7 24. Qc1 Nxh4 25. Qf1 Qe7 26. e4 Ng6 27. exd5 exd5 28. Bxf5 Bxf5 29. Qxf5 Rd8 30. Bg5 Qe1+ 31. Kh2 Rf8 32. Qxd5 Qf2 33. Rf3 Rxf3 34. Qxf3 Qxf3 35. gxf3 Nf8 36. Bf6+ Kg8 37. d5 Nd7 38. Bg5 Ne5 39. f4 Ng4+ 40. Kg3 Ne3 41. d6 Nf5+ 42. Kg4 Nxd6 43. Bf6 Kf7 44. Be5 Nc4 45. Bc3 a6 46. b3 Nd6 47. Be5 Nb5 48. a4 Na3 49. Bc7 b5 50. Bd6 Nc2 51. axb5 axb5 52. f5 Nd4 53. b4 Kf6 54. Kf4 Nxf5 55. Be5+ Kg6 56. Ke4 Ne7 57. Kd4 Nc6+ 58. Kd5 Nxb4+ 59. Kc5 Nd3+ 60. Kxb5 Nxe5 61. Kc5 h5 62. Kd5 Ng4 63. Ke4 Kg5 64. Kf3 h4 65. Kg2 Ne3+ 66. Kf2 Ng4+ 67. Kg2 Kf5 68. Kh3 Kg5 69. Kg2 Nf6 70. Kh3 Ne4 71. Kh2 Kg4 72. Kg2 h3+ 73. Kh2 Ng3 74. Kg1 Nh5 75. Kh2 Nf4 76. Kg1 Kg3 77. Kh1 Nh5 78. Kg1 Nf4 79. Kh1 Nh5 80. Kg1 Nf6 81. Kh1 Ne4 82. Kg1 Kh4 83. Kh2 Ng3 84. Kg1 h2+ 85. Kxh2 1/2-1/2

[Event "Himmerlandsturneringen 2025 Basis2"]
[Site "Stovring"]
[Date "2025.05.19"]
[Round "5"]
[White "Sorensen, Peter"]
[Black "Dalsgaard, Henrik"]
[Result "0-1"]
[WhiteElo "1432"]
[BlackElo "1524"]
[WhiteFideId "1470914"]
[BlackFideId "1479881"]
[EventDate "2025.04.28"]
[EventType "tourn"]
[EventRounds "7"]
[EventCountry "DEN"]
[SourceTitle "Skorping Skakklub"]

1. d4 Nf6 2. e3 d5 3. Bd3 e6 4. f4 a6 5. Nf3 Nc6 6. Nc3 Be7 7. O-O b6 8. Bd2 Bb7 9. Be1 Ng4 10. Qd2 h5 11. h3 Qd6 12. hxg4 hxg4 13. Nh2 g5 14. Bg3 f5 15. a3 Bf6 16. fxg5 Qxg3 17. gxf6 Rxh2 18. Qf2 Qd6 19. Ne2 Kf7 20. Nf4 Rah8 21. Qg3 e5 22. dxe5 Nxe5 23. Bxf5 d4 24. e4 d3 25. Rad1 Rh1+ 26. Kf2 Qd4+ 27. Qe3 g3+ 0-1

[Event "Himmerlandsturneringen 2025 Basis2"]
[Site "Stovring"]
[Date "2025.05.19"]
[Round "5"]
[White "Mayntz, David"]
[Black "Jacobsen, Per"]
[Result "1-0"]
[WhiteElo "1459"]
[BlackElo "1523"]
[WhiteFideId ""]
[BlackFideId "1413856"]
[EventDate "2025.04.28"]
[EventType "tourn"]
[EventRounds "7"]
[EventCountry "DEN"]
[SourceTitle "Skorping Skakklub"]

1. e4 Nf6 2. e5 Nd5 3. Nf3 d6 4. c4 Nb6 5. c5 dxc5 6. Qb3 Nc6 7. Bc4 e6 8. O-O Na5 9. Qb5+ Nc6 10. Bb3 Bd7 11. Qe2 Be7 12. Bc2 O-O 13. b3 Nd4 14. Nxd4 cxd4 15. Qe4 g6 16. Qxd4 Bc6 17. Qxd8 Rfxd8 18. Bb2 Bg5 19. f4 Be7 20. Rd1 Bc5+ 21. d4 Be7 22. Nd2 Nd5 23. Rf1 Ne3 24. Rfc1 Nxg2 25. Be4 Bxe4 26. Nxe4 Nxf4 27. Rxc7 Ne2+ 28. Kf2 Nf4 29. Rxe7 Nd3+ 30. Ke3 Nxb2 31. Rb1 Rd5 32. Nf6+ Kg7 33. Nxd5 exd5 34. Rxb2 Rc8 35. Kd2 Rb8 36. Rc2 Kf8 37. Rcc7 Kg7 38. Rxf7+ Kh6 39. Rxh7+ Kg5 40. Rxb7 Rf8 41. Rhf7 Ra8 42. e6 a5 43. e7 a4 44. b4 a3 45. Rf8 Rxf8 46. exf8=Q Kg4 47. Rg7 Kg5 48. Qf7 1-0

[Event "Himmerlandsturneringen 2025 Basis2"]
[Site "Stovring"]
[Date "2025.05.19"]
[Round "5"]
[White "Madsen, Jorgen"]
[Black "Van de Weerd, Jens Ole"]
[Result "1-0"]
[WhiteElo "1640"]
[BlackElo "1572"]
[WhiteFideId "1453033"]
[BlackFideId "1453521"]
[EventDate "2025.04.28"]
[EventType "tourn"]
[EventRounds "7"]
[EventCountry "DEN"]
[SourceTitle "Skorping Skakklub"]

1. e4 e5 2. Bc4 Nf6 3. d3 h6 4. Nf3 Nc6 5. h3 b6 6. O-O Bb7 7. Nc3 Na5 8. Bb3 Nxb3 9. axb3 d6 10. Bd2 Be7 11. Nh2 Qd7 12. f4 exf4 13. Rxf4 O-O 14. Qf3 a5 15. Rf1 Qe6 16. Qf2 d5 17. exd5 Nxd5 18. Re4 Qd7 19. Nxd5 Bxd5 20. Rf4 Rae8 21. Kh1 Bd6 22. Rg4 h5 23. Rh4 Re6 24. Rxh5 Be7 25. Ng4 Rg6 26. Ne5 Bxg2+ 27. Qxg2 Rxg2 28. Nxd7 Rxd2 29. Nxf8 Bxf8 30. Rc1 g6 31. Rd5 Bg7 32. Rd8+ Kh7 33. Rd7 f5 34. Rxc7 Kh6 35. Rc6 Bxb2 36. Rg1 Be5 37. Rcxg6+ Kh7 38. R6g2 Rxg2 39. Rxg2 Kh6 40. Re2 Bc7 41. Re1 Kg5 42. Kg2 f4 43. Re7 Bd6 44. Rg7+ Kf5 45. Rd7 Bc5 46. Kf3 Be3 47. d4 Kf6 48. Rd8 Ke7 49. Rd5 Ke6 50. Re5+ Kd6 51. Rxe3 1-0

[Event "Himmerlandsturneringen 2025 Basis2"]
[Site "Stovring"]
[Date "2025.05.21"]
[Round "6"]
[White "Dalsgaard, Henrik"]
[Black "Larsen, Leif"]
[Result "1/2-1/2"]
[WhiteElo "1524"]
[BlackElo "1488"]
[WhiteFideId "1479881"]
[BlackFideId "1453645"]
[EventDate "2025.04.28"]
[EventType "tourn"]
[EventRounds "7"]
[EventCountry "DEN"]
[SourceTitle "Skorping Skakklub"]

1. d4 d5 2. h3 Nc6 3. Nf3 Bf5 4. a3 Nf6 5. e3 e6 6. Bb5 Qd6 7. Ne5 h6 8. Bxc6+ bxc6 9. Nc3 c5 10. Nf3 a6 11. dxc5 Qxc5 12. Nd4 Bg6 13. Bd2 Ne4 14. Nxe4 Bxe4 15. Bb4 Qb6 16. Bxf8 Rxf8 17. O-O Ke7 18. Qg4 Bg6 19. b4 Rfc8 20. Qh4+ Kf8 21. Rfc1 c5 22. Nf3 Qd6 23. Rab1 cxb4 24. Qxb4 Qxb4 25. Rxb4 Rxc2 26. Rxc2 Bxc2 27. Rb7 Be4 28. Ne5 Bg6 29. Nd7+ Kg8 30. Nb6 Rd8 31. Ra7 Bd3 32. Na4 Kh7 33. Nc5 Bg6 34. Nxa6 d4 35. exd4 Rxd4 36. Nc5 Rd5 37. Rc7 e5 38. f3 Rd6 39. a4 f6 40. a5 Be8 41. a6 Bc6 42. a7 Ba8 43. Nd7 Rd1+ 44. Kh2 h5 45. Nb6 Rd8 46. Rc8 Rxc8 47. Nxc8 Bb7 48. Nb6 g5 49. a8=Q Bxa8 50. Nxa8 Kg6 51. Kg1 Kf5 52. Kf2 g4 53. h4 gxf3 54. gxf3 Kf4 55. Nc7 e4 56. Nd5+ Ke5 57. fxe4 f5 58. exf5 Kxd5 59. f6 Ke6 60. Kf3 Kxf6 61. Kf4 Kg6 1/2-1/2

[Event "Himmerlandsturneringen 2025 Basis2"]
[Site "Stovring"]
[Date "2025.05.21"]
[Round "6"]
[White "Mayntz, David"]
[Black "Sorensen, Peter"]
[Result "1-0"]
[WhiteElo "1459"]
[BlackElo "1432"]
[WhiteFideId ""]
[BlackFideId "1470914"]
[EventDate "2025.04.28"]
[EventType "tourn"]
[EventRounds "7"]
[EventCountry "DEN"]
[SourceTitle "Skorping Skakklub"]

1. e4 e5 2. d4 Bd6 3. d5 Nf6 4. Bd3 Bc5 5. Nf3 d6 6. O-O Bd7 7. Bg5 h6 8. Bh4 Qc8 9. Bxf6 gxf6 10. Nh4 Bh3 11. Qf3 Bd7 12. Qxf6 Bd4 13. Qxh8+ Ke7 14. Qxc8 Bxc8 15. Nf5+ Bxf5 16. exf5 Bxb2 17. Nd2 Bxa1 18. Rxa1 Nd7 19. Re1 Rg8 20. Ne4 f6 21. Rb1 Rb8 22. Nc3 Nc5 23. Nb5 c6 24. Nc3 cxd5 25. Nxd5+ Kf7 26. Rb4 Rc8 27. h3 Rc6 28. Be2 a5 29. Rg4 Nd7 30. c4 h5 31. Rh4 Nb6 32. Bxh5+ Kf8 33. Nxb6 Rxb6 34. Kh2 Rb2 35. Bf3 b6 36. Rh8+ Ke7 37. Rb8 Rxa2 38. Rxb6 a4 39. Kg3 a3 40. Ra6 Kf7 41. Bd5+ Ke7 42. c5 dxc5 43. Bxa2 1-0

[Event "Himmerlandsturneringen 2025 Basis2"]
[Site "Stovring"]
[Date "2025.05.21"]
[Round "6"]
[White "Jacobsen, Per"]
[Black "Van de Weerd, Jens Ole"]
[Result "1/2-1/2"]
[WhiteElo "1523"]
[BlackElo "1572"]
[WhiteFideId "1413856"]
[BlackFideId "1453521"]
[EventDate "2025.04.28"]
[EventType "tourn"]
[EventRounds "7"]
[EventCountry "DEN"]
[SourceTitle "Skorping Skakklub"]

1. d4 d5 2. e3 Nf6 3. Bd3 b6 4. f4 c5 5. c3 Bb7 6. Nf3 Nbd7 7. O-O cxd4 8. exd4 Ne4 9. Ne5 Ndf6 10. Qa4+ Nd7 11. Nxd7 f5 12. Nxb6+ Kf7 13. Nxa8 Bxa8 14. Qxa7 g6 15. Nd2 Nd6 16. Re1 Bg7 17. b3 Re8 18. Qc5 Kf8 19. Ba3 Bf6 20. Rac1 Bb7 21. Nf3 h6 22. Qa7 Bc6 23. c4 dxc4 24. bxc4 Nc8 25. Qc5 Bxf3 26. gxf3 Bxd4+ 27. Kg2 Bxc5 28. Bxc5 Qxd3 29. Red1 Qe2+ 30. Bf2 Qxa2 31. c5 Kf7 32. c6 Nd6 33. c7 Rc8 34. Ra1 Qc4 35. Rac1 Qxf4 36. Be1 Nc4 37. Bg3 Qg5 38. Rxc4 Qe3 39. Bf2 Qe2 40. Rd8 Rxd8 41. cxd8=Q Qxc4 42. Qd4 Qa2 43. Qd7 h5 44. Qd4 Qc2 45. Qd5+ Kf6 46. Qd4+ Kf7 47. Qe5 Qd2 48. Kf1 Qd1+ 49. Kg2 Qd2 50. Qg3 1/2-1/2

[Event "Himmerlandsturneringen 2025 Basis2"]
[Site "Stovring"]
[Date "2025.05.26"]
[Round "7"]
[White "Madsen, Jorgen"]
[Black "Dalsgaard, Henrik"]
[Result "1/2-1/2"]
[WhiteElo "1640"]
[BlackElo "1524"]
[WhiteFideId "1453033"]
[BlackFideId "1479881"]
[EventDate "2025.04.28"]
[EventType "tourn"]
[EventRounds "7"]
[EventCountry "DEN"]
[SourceTitle "Skorping Skakklub"]

1. e4 c5 2. Bc4 e6 3. Nc3 a6 4. a4 g6 5. d3 Bg7 6. Bd2 Nc6 7. Nf3 Nge7 8. O-O d5 9. exd5 exd5 10. Ba2 Bg4 11. h3 Bxf3 12. Qxf3 Nb4 13. Bb3 O-O 14. Qd1 Re8 15. Rb1 Nbc6 16. Ne2 b5 17. c3 Na5 18. Bc2 c4 19. d4 Qc8 20. Ng3 Nac6 21. Re1 Ra7 22. f4 b4 23. Ra1 a5 24. Qf3 b3 25. Bd1 Qd7 26. Qf1 Raa8 27. Bg4 f5 28. Bf3 Rf8 29. Re3 Rae8 30. Nh1 Nxd4 31. cxd4 Bxd4 32. Rae1 Nc6 33. Kh2 Bxe3 34. Bxe3 Nb4 35. Bc5 Nd3 36. Rxe8 Rxe8 37. Bf2 Qd6 38. g3 Nxb2 39. Qa1 Nd3 40. Bd4 Re1 41. Bd1 b2 42. Bxb2 Nxb2 43. Qxb2 Rxd1 44. Qe2 Qc6 45. Qxd1 c3 46. Qc2 d4 47. Nf2 Qf3 48. Nd3 Qe3 49. h4 h5 50. Kh3 Kg7 51. Qb1 Kf6 52. Qb6+ Kg7 53. Qb7+ Kh6 54. Qb8 Kg7 55. Qb7+ Kf6 56. Qb6+ Kf7 57. Ne5+ 1/2-1/2

[Event "Himmerlandsturneringen 2025 Basis2"]
[Site "Stovring"]
[Date "2025.05.26"]
[Round "7"]
[White "Larsen, Leif"]
[Black "Mayntz, David"]
[Result "0-1"]
[WhiteElo "1488"]
[BlackElo "1459"]
[WhiteFideId "1453645"]
[BlackFideId ""]
[EventDate "2025.04.28"]
[EventType "tourn"]
[EventRounds "7"]
[EventCountry "DEN"]
[SourceTitle "Skorping Skakklub"]

1. d4 Nf6 2. Nc3 d5 3. Bf4 e6 4. a3 Bd6 5. Qd2 Nc6 6. Bxd6 Qxd6 7. e3 O-O 8. Nf3 a6 9. Bd3 e5 10. dxe5 Nxe5 11. Nxe5 Qxe5 12. O-O-O c5 13. Be2 Be6 14. f4 Qd6 15. h3 b5 16. g4 b4 17. axb4 cxb4 18. Na2 b3 19. cxb3 Ne4 20. Qe1 Qc6+ 21. Nc3 Rfb8 22. Kb1 Rxb3 23. Nxe4 Rxb2+ 24. Kxb2 Rb8+ 25. Ka3 dxe4 26. Qa5 Rb3+ 27. Ka2 Rb5+ 28. Ka1 Rxa5+ 29. Kb2 Qb6+ 30. Kc1 Qxe3+ 31. Kb2 Qxe2+ 32. Kc3 Qe3+ 33. Kb4 Qc5# 0-1